A training course for TOEFL
The book includes: classroom techniques covering the four skills of speaking, listening, reading and writing; aids; testing; problem classes; phonetics; and syllabus design. All the topics contain practice material such as axercises, activities, and discussion points, as well as references to existi...
Saved in:
| Format: | Book |
|---|---|
| Language: | Undetermined |
| Published: |
Oxford
Oxford Univ. Press
1998
|
| Subjects: | |
| Tags: |
Add Tag
No Tags, Be the first to tag this record!
|
| Institutions: | Trung tâm Học liệu Trường Đại học Cần Thơ |
|---|
| LEADER | 00853nam a2200169Ia 4500 | ||
|---|---|---|---|
| 001 | CTU_28788 | ||
| 008 | 210402s9999 xx 000 0 und d | ||
| 082 | |a 428.0076 | ||
| 082 | |b T768 | ||
| 245 | 2 | |a A training course for TOEFL | |
| 245 | 0 | |c Peter Hubbard...[et.al] | |
| 260 | |a Oxford | ||
| 260 | |b Oxford Univ. Press | ||
| 260 | |c 1998 | ||
| 520 | |a The book includes: classroom techniques covering the four skills of speaking, listening, reading and writing; aids; testing; problem classes; phonetics; and syllabus design. All the topics contain practice material such as axercises, activities, and discussion points, as well as references to existing textbooks. There is also a glossary, and index, and a bibliography for further reading | ||
| 650 | |a english language - study and teaching | ||
| 980 | |a Trung tâm Học liệu Trường Đại học Cần Thơ | ||